000 00388nam a22001457a 4500
020 _qPB.
040 _cFIZZA ISHAQ
082 _a909
_bJER
100 _aBENTLEY,H.JERRY.
_9134226
245 _aTRADITIONS & ENCOUNTERS A BRIEF GLOBAL HISTORY /
_cJERRY H.BENTLEY.
250 _a2ND ED.
260 _aNEW YORK ;
_bMc GRAW HILL.
_c2010.
300 _a362 P. ;
_c11.1X8.8IN
942 _2ddc
_cBK
999 _c617199
_d617199